Minecraft - Guess the Spawn Eggs by Picture - Statistics

General Stats
  • This quiz has been taken 28 times
    25 since last reset
  • The average score is 55 of 90
Answer Stats
Picture Answer % Correct
Ocelot Spawn Egg
81%
Shulker Spawn Egg
81%
Warden Spawn Egg
81%
Bat Spawn Egg
75%
Chicken Spawn Egg
75%
Strider Spawn Egg
75%
Armadillo Spawn Egg
69%
Blaze Spawn Egg
69%
Cow Spawn Egg
69%
Creeper Spawn Egg
69%
Ender Dragon Spawn Egg
69%
Fox Spawn Egg
69%
Goat Spawn Egg
69%
Iron Golem Spawn Egg
69%
Mooshroom Spawn Egg
69%
Mule Spawn Egg
69%
Parrot Spawn Egg
69%
Pillager Spawn Egg
69%
Salmon Spawn Egg
69%
Spider Spawn Egg
69%
Tropical Fish Spawn Egg
69%
Turtle Spawn Egg
69%
Wandering Trader Spawn Egg
69%
Wither Skeleton Spawn Egg
69%
Wolf Spawn Egg
69%
Zombie Horse Spawn Egg
69%
Zombified Piglin Spawn Egg
69%
Allay Spawn Egg
63%
Axolotl Spawn Egg
63%
Bee Spawn Egg
63%
Bogged Spawn Egg
63%
Breeze Spawn Egg
63%
Cat Spawn Egg
63%
Cod Spawn Egg
63%
Copper Golem Spawn Egg
63%
Creaking Spawn Egg
63%
Dolphin Spawn Egg
63%
Donkey Spawn Egg
63%
Drowned Spawn Egg
63%
Elder Guardian Spawn Egg
63%
Enderman Spawn Egg
63%
Endermite Spawn Egg
63%
Evoker Spawn Egg
63%
Frog Spawn Egg
63%
Guardian Spawn Egg
63%
Hoglin Spawn Egg
63%
Horse Spawn Egg
63%
Husk Spawn Egg
63%
Nautilus Spawn Egg
63%
Panda Spawn Egg
63%
Piglin Brute Spawn Egg
63%
Piglin Spawn Egg
63%
Pig Spawn Egg
63%
Polar Bear Spawn Egg
63%
Pufferfish Spawn Egg
63%
Rabbit Spawn Egg
63%
Ravager Spawn Egg
63%
Sheep Spawn Egg
63%
Silverfish Spawn Egg
63%
Skeleton Spawn Egg
63%
Slime Spawn Egg
63%
Sniffer Spawn Egg
63%
Snow Golem Spawn Egg
63%
Squid Spawn Egg
63%
Vex Spawn Egg
63%
Villager Spawn Egg
63%
Witch Spawn Egg
63%
Zombie Spawn Egg
63%
Zombie Villager Spawn Egg
63%
Camel Spawn Egg
56%
Cave Spider Spawn Egg
56%
Ghast Spawn Egg
56%
Glow Squid Spawn Egg
56%
Happy Ghast Spawn Egg
56%
Llama Spawn Egg
56%
Magma Cube Spawn Egg
56%
Phantom Spawn Egg
56%
Tadpole Spawn Egg
56%
Trader Llama Spawn Egg
56%
Wither Spawn Egg
56%
Zoglin Spawn Egg
56%
Zombie Nautilus Spawn Egg
56%
Camel Husk Spawn Egg
50%
Stray Spawn Egg
50%
Vindicator Spawn Egg
50%
Skeleton Horse Spawn Egg
31%
NPC Spawn Egg
25%
Parched Spawn Egg
25%
Agent Spawn Egg
19%
Generic Spawn Egg
6%
No matching quizzes found
Score Distribution
Percent of People with Each Score
Percentile by Number Answered
Your Score History
You have not taken this quiz since the last reset